Deutsche Städte, die auf -burg enden - #2 - Statistiken

Allgemein
  • Dieses Quiz wurde 28 mal gespielt
  • Das Durchschnittsergebnis liegt bei 5 aus 22
Antwortstatistiken
BL Einwohner Stadt % Korrekt
HE 35.938 Limburg an der Lahn
58%
ST 31.940 Naumburg (Saale)
54%
TH 31.093 Altenburg
38%
BY 30.135 Neuburg an der Donau
38%
NI 32.608 Nienburg
38%
SH 30.633 Rendsburg
38%
ST 22.585 Burg
33%
ST 23.139 Quedlinburg
33%
SH 34.534 Ahrensburg
25%
ST 30.992 Bernburg (Saale)
25%
NI 23.117 Rotenburg (Wümme)
25%
NI 36.565 Cloppenburg
21%
ST 34.392 Merseburg
21%
NI 37.206 Papenburg
13%
HE 22.974 Dillenburg
8%
HE 37.926 Neu-Isenburg
8%
NW 23.252 Warburg
8%
BY 21.423 Günzburg
4%
BY 25.737 Waldkraiburg
4%
NW 25.316 Bedburg
0%
SH 28.325 Henstedt-Ulzburg
0%
BY 20.012 Moosburg an der Isar
0%
Keine übereinstimmenden Quizze gefunden
Verteilung der Resultate
Anzahl Personen mit jedem Resultat
Perzentil nach korrekt beantworteten Fragen
Ihre Resultats-Entwicklung
Sie haben dieses Quiz noch nicht gespielt